Estadísticas para Palabras más Consultadas en la RAE

Haz click aquí para intentar la prueba.

Estadísticas generales

  • Esta prueba ha sido intentada 25 veces
  • La puntuación promedio es 8 de 20

Estadísticas de respuestas

Significado#Respuesta% Correcto
Primera letra del abecedario español.172.850A
95%
Abreviación de "Real Academia Española"151.240Rae
86%
Donar, entregar.164.396Dar
73%
Percibir con los ojos algo mediante la acción de la luz.144.410Ver
68%
Interjección usada como salutación familiar.180.418Hola
64%
Asir, agarrar o tomar algo o a alguien.147.418Coger
55%
Para conjugar otros verbos en los tiempos compuestos. Yo he amado. Tú habrás leído.232.960Haber
55%
Moverse de un lugar hacia otro apartado de la persona que habla.209.102Ir
50%
Sentimiento intenso del ser humano que, partiendo de su propia insuficiencia, necesita y busca el encuentro y unión con otro ser.187.434Amor
45%
Línea o término formado de estacas hincadas en el suelo o de tablas unidas, para cerrar algún sitio o señalarlo.151.054Valla
45%
Subjuntivo presente del verbo "Ir"147.136Vaya
36%
Árbol de la familia de las fagáceas (y conjugación del verbo de arriba)225.522Haya
32%
Verbo copulativo usado para afirmar del sujeto lo que significa el atributo.169.042Ser
32%
Dicho de una persona: De un pueblo originario de la India,
extendido por diversos países.
170.356Gitano
23%
Producir algo, darle el primer ser.189.486Hacer
23%
Capacidad de adaptación de un ser vivo frente a un agente perturbador o un estado o situación adversos.164.340Resiliencia
18%
Conjunto de conocimientos que permite a alguien desarrollar su juicio crítico.340.052Cultura
9%
Diferir, aplazar.205.364Procrastinar
9%
Teoría o conjunto de teorías cuyo núcleo central se acepta sin cuestionar y que suministra la base y modelo para resolver problemas y avanzar en el conocimiento.174.368Paradigma
5%
Generoso, lucido, espléndido.277.566Bizarro
0%

Distribución de puntuación

Porcentaje por número respondido

Porcentaje de gente con cada puntuación

Historial de tus puntuaciones

No has intentado esta prueba.